Vista normal
Vista MARC
Entrada Topical Term
Número de registros utilizados en: 1
001 - CONTROL NUMBER
- control field: 10587
003 - CONTROL NUMBER IDENTIFIER
- control field: OSt
005 - DATE AND TIME OF LATEST TRANSACTION
- control field: 20200921142837.0
008 - FIXED-LENGTH DATA ELEMENTS
- fixed length control field: 200921|| aca||aabn | a|a d
040 ## - CATALOGING SOURCE
- Original cataloging agency: OSt
- Transcribing agency: OSt
150 ## - HEADING--TOPICAL TERM
- Topical term or geographic name entry element: Administración de personal Recursos humanos
670 ## - SOURCE DATA FOUND
- Source citation: Work cat.: (OSt)4488: Equipo de Consultores Editoriales de McGraw-Hill, compiladores 10586, Biblioteca práctica de negocios : administración de personal y recursos humanos / , ©1992